1 animal = 1 film - Statistiques

Statistiques générales
  • Ce quiz a été pris 1 335 fois
  • Le résultat moyen est 6 sur 15
Statistiques - réponses
Par images Réponse % Correct
Les Dents de la mer
97%
Jurassic Park
78%
Stuart Little
60%
Beethoven
56%
Babe, le cochon devenu berger
47%
Les Oiseaux
46%
L'Odyssée de Pi
42%
Qui veut la peau de Roger Rabbit
36%
Sauvez Willy
35%
Deux Frères
33%
L'Ours
22%
Cheval de guerre
16%
Hatchi
15%
L'Incroyable Voyage
4%
Togo
2%
Aucun quiz correspondant
Distribution des résultats
% des personnes avec chaque résultat
Percentile par nombre de réponses
Votre historique - résultats
Vous n’avez pas pris ce quiz